Tvorba a aktualizácia banskomeračskej dokumentácie povrchového lomu Horné Srnie

Na minha lista:
Detalhes bibliográficos
Autor principal: Pavlovič, Mário (Author)
Outros Autores: Kopáčik, Alojz (Thesis advisor)
Formato: Manuscrito Livro
Idioma:eslovaco
Publicado em: 2023
Assuntos:
Acesso em linha:http://is.stuba.sk/zp/portal_zp.pl?podrobnosti=169179
https://opac.crzp.sk/?fn=detailBiblioForm&sid=EC7951772ACC837B5D7EC9A56A1E
Tags: Adicionar Tag
Sem tags, seja o primeiro a adicionar uma tag!

MARC

LEADER 00000ntm a22000003a 4500
001 stuzp93968
003 SK-STU
005 20230921083005.3
007 ta
008 150427s2015----xo-----f-mn---000-0-slo-d
040 |a STU  |b slo 
041 0 |a slo 
100 1 |a Pavlovič, Mário  |u 010140  |4 aut  |U SvF Stavebná fakulta  |T SvF Katedra geodézie  |X 97709  |U V140  |Y 14  |7 97709 
242 0 1 |a Creation and actualisation of the open pit mine documentation in Horné Srnie  |y eng 
245 1 0 |a Tvorba a aktualizácia banskomeračskej dokumentácie povrchového lomu Horné Srnie 
260 |c 2023 
650 4 |a letecké laserové skenovanie  |2 slo 
650 4 |a banskomeračská dokumentácia  |2 slo 
650 4 |a základná banská mapa  |2 slo 
650 4 |a mine measurement documentation  |2 eng 
650 4 |a aerial laser scanning  |2 eng 
650 4 |a basic mine map  |2 eng 
700 1 |a Kopáčik, Alojz  |u 010140  |k Z1  |4 ths  |U SvF Stavebná fakulta  |T SvF Katedra geodézie  |X 2738  |U V140  |Y 14  |7 A000002738 
856 4 |u http://is.stuba.sk/zp/portal_zp.pl?podrobnosti=169179 
856 4 |u https://opac.crzp.sk/?fn=detailBiblioForm&sid=EC7951772ACC837B5D7EC9A56A1E